00257nam a2200097Ia 4500008004100000100001600041245004400057260004200101300000800143650000800151191201s2004 xx 000 0 und d aBANSAL, Ram 0aInformation Systems Analysis and Design aN. DelhibNew Age Internationalc2004 a374 aMBA